000 00576nam a22002297a 4500
003 UA-OsUOA
001 99797
007 ta
008 20130516b un ||||| |||| 00| 0 ukr d
100 _aСтіль А.
090 _a821.133.1
_bС80
942 _cBK
040 _aUA-OsUOA
_bukr
_cUA-OsUOA
_dUA-OsUOA
245 _aРоман-сон
_bроман
300 _a156 с.
955 _a3
041 _aukr
080 _a821.133.1
260 _aК.
_bДніпро
_c1980
650 7 _a82 Література. Літературознавство
_2UDC
999 _c386039
_d386039